Flags of UK Territories - Statistics

General Stats
  • This quiz has been taken 83 times
  • The average score is 9 of 14
Answer Stats
Picture Answer % Correct
Anguilla
89%
Bermuda
87%
Gibraltar
86%
Falkland Islands
83%
British Virgin Islands
68%
Montserrat
68%
Cayman Islands
67%
Saint Helena
67%
Pitcairn Islands
63%
Turks and Caicos Islands
59%
British Antarctic
56%
South Georgia and the South Sandwich Islands
46%
British Indian
27%
Sovereign Base Areas of Akrotiri and Dhekelia
8%
No matching quizzes found
Score Distribution
Percent of People with Each Score
Percentile by Number Answered
Your Score History
You have not taken this quiz